00597naa a2200193 a 450000100080000000500110000800800410001910000200006024501160008026000090019665300260020565300140023165300200024565300120026565300180027770000190029570000170031477300720033110309412004-05-21 2003 bl uuuu u00u1 u #d1 aLOPES, E. da S. aAnalise dos fatores humanos e condicoes de trabalho no processamento mecanico primario e secundario da madeira. c2003 aCondicoes de trabalho aErgonomia aFatores humanos aMadeira aProcessamento1 aZANLORENZI, E.1 aCOUTO, L. C. tCiencia Florestal, Santa Mariagv. 13, n. 2, p. 177-183, dez. 2003.